• 首页
  • 本馆介绍
  • 公告通知
  • 最新文献
  • 馆藏检索
  • 电子资源
  • 读者导购
  • 参考咨询
  • 我的图书馆
  • 登录
  • 详细信息显示
  • 放入我的书架
  • 预约/预借图书
  • 作者相关作品
  • 分类相关作品
  • 丛书相关作品
  • 出版社相关作品

书目信息

  • 表格格式
  • 工作单格式
  • 卡片格式
题名:
大谋略
    
 
作者: 张程 著
分册:  
出版信息: 北京   现代出版社  2015
页数: 272页
开本: 22cm
丛书名:
单 册:
中图分类: K236.07
科图分类:
主题词: 三国时代--历史--研究
电子资源:
ISBN: 978-7-5143-3212-4
000 00913nam0 2200241 450
001 012001004273
005 20140928162349.0
010    @a978-7-5143-3212-4@dCNY32.00
100    @a20151101d2015 em y0chiy50 ea
101 0  @achi
102    @aCN@b110000
105    @ay z 000yy
106    @ar
200 1  @a大谋略@9da mou lue@e三国外交智慧书@f张程[著]
210    @a北京@c现代出版社@d2015
215    @a272页@d22cm
330    @a本书首次从外交斗争的角度还原三国的纷争和精彩,三国鼎足而立的格局是东汉末年群雄博弈争霸而达成的一种均衡,而魏、蜀、吴三国都有其各自占优的地缘政治、经济和军事实力及人才资源储备,刀光剑影之间各种实力的交锋充满微妙,谋略和战略的运用令人叹为观止。
517 1  @a三国外交智慧书@9san guo wai jiao zhi hui shu
606 0  @a三国时代@x历史@x研究
690    @aK236.07@v5
701  0 @a张程@9zhang cheng@c(编辑)@4著
801  0 @aCN@b上海新华@c20180901
905    @b1165916-20@dK236.07@e109@f5
    
    大谋略:三国外交智慧书/张程[著].-北京:现代出版社,2015
    272页;22cm
    
    
    ISBN 978-7-5143-3212-4:CNY32.00
    本书首次从外交斗争的角度还原三国的纷争和精彩,三国鼎足而立的格局是东汉末年群雄博弈争霸而达成的一种均衡,而魏、蜀、吴三国都有其各自占优的地缘政治、经济和军事实力及人才资源储备,刀光剑影之间各种实力的交锋充满微妙,谋略和战略的运用令人叹为观止。
●
相关链接 在E读中查询图书 在五车中查询图书 在当当中查询图书 在豆瓣中查询图书


正题名:大谋略     索取号:K236.07/109         预约/预借

序号 登录号 条形码 馆藏地/架位号 状态 备注
1 1165916   211659169   第二样本阅览室/ [索取号:K236.07/109] 在馆    
2 1165917   211659178   第二借阅区/ [索取号:K236.07/109] 在馆    
3 1165918   211659187   第二借阅区/ [索取号:K236.07/109] 在馆    
4 1165919   211659196   第二借阅区/ [索取号:K236.07/109] 在馆    
5 1165920   211659203   密集书库-史法系/ [索取号:K236.07/109] 在馆    
唐山师范学院图书馆 欢迎您!
大连网信软件有限公司© 版权所有